[Event "12th Forchheim Open A 2013"]
[Site "Forchheim GER"]
[Date "2013.09.27"]
[Round "1.25"]
[White "Zeltner,O"]
[Black "Zhao,Kevin"]
[Result "1-0"]
[WhiteElo "2030"]
[BlackElo "1865"]

1.e4 e6 2.d4 d5 3.Nc3 Nf6 4.e5 Nfd7 5.f4 c5 6.Nf3 Nc6 7.Be3 cxd4 8.Nxd4 Bc5
9.Qd2 a6 10.Nb3 Qe7 11.Nxc5 Nxc5 12.O-O-O b5 13.Nxd5 exd5 14.Qxd5 Nd7 15.Qxc6 Rb8
16.Qd6 Qxd6 17.Rxd6 O-O 18.Be2 Re8 19.Bf3 Nf8 20.Ba7  1-0

[Event "TCh-BEL 2013-14"]
[Site "Belgium BEL"]
[Date "2013.09.29"]
[Round "2.3"]
[White "Vandevoort,P"]
[Black "Fiebig,T"]
[Result "1/2-1/2"]
[WhiteElo "2387"]
[BlackElo "2409"]

1.e4 e6 2.d4 d5 3.Nc3 Nf6 4.e5 Nfd7 5.f4 c5 6.Nf3 Nc6 7.Be3 Be7 8.Be2 O-O
9.O-O f6 10.exf6 Nxf6 11.h3 Nh5 12.Qd2 Ng3 13.Rfe1 Nf5 14.Bf2 Nfxd4 15.Nxd4 Nxd4
16.Bxd4 cxd4 17.Qxd4 Bf6 18.Qd2 Qb6+ 19.Kh1 Qxb2 20.Nb5 Bd8 21.Nd6 Qa3 22.Nxc8 Ba5
23.Ne7+ Kh8 24.Qd3 Qxe7 25.Rf1 Qd6 26.Qe3 Bc7 27.Bg4 Rae8 28.Rae1 Rf6 29.g3 Ba5
30.Re2 Bb6 31.Qd3 e5 32.Rd1  1/2-1/2

[Event "Oslo Int Open 2013"]
[Site "Oslo NOR"]
[Date "2013.09.29"]
[Round "4"]
[White "Solodovnichenko,Y"]
[Black "Svane,R"]
[Result "1/2-1/2"]
[WhiteElo "2577"]
[BlackElo "2445"]

1.e4 e6 2.d4 d5 3.Nc3 Nf6 4.e5 Nfd7 5.f4 c5 6.Nf3 Be7 7.Be2 O-O 8.Be3 f6
9.exf6 Nxf6 10.Qd2 Ng4 11.dxc5 Nxe3 12.Qxe3 Qa5 13.Ng5 Qxc5 14.Qxc5 Bxc5
15.g3 h6 16.Nf3 Nc6 17.O-O-O a6 18.Kb1 b5 19.Rhe1 b4 20.Na4 Bf2 21.Rf1 Ba7
22.c4 bxc3 23.Nxc3 Bb7 24.Na4 Rf6 25.Rc1 Be3 26.Rc3 d4 27.Rb3 Na5 28.Ra3 Be4+
29.Ka1 Nc6 30.Nc5 Bf5 31.Ra4 g5 32.Ne5 Nxe5 33.fxe5 Rf7 34.Rc4 Rc8 35.Nxe6 Re8
36.Nxd4 Rxe5 37.Nxf5 Rexf5 38.Rxf5 Rxf5 39.Rc8+ Kg7 40.Bxa6 g4 41.a4 Bg1
42.Rc2 Rf2 43.Rc7+ Kf6 44.Bc8 h5 45.h3 h4 46.gxh4 g3 47.Rc6+ Kf7 48.Rc7+ Kf6
49.Rc6+ Kf7 50.Bb7 g2 51.Rc4 Rxb2 52.Bxg2 Rd2 53.Bc6 Rd4 54.Rc1 Be3 55.Rf1+ Rf4
56.Re1 Bd4+ 57.Ka2 Rxh4 58.Bd7 Bc3 59.Re3 Bd2 60.Rd3 Be1 61.Bg4 Rh6 62.Rd7+ Kf6
63.Kb3 Rh8 64.Rd6+ Kf7 65.Rd1 Rb8+ 66.Kc4 Ba5 67.Bd7 Ke7 68.Bc6 Rh8 69.Rd7+ Ke6
70.Rd3 Bc7 71.Bd7+ Ke7 72.Bg4 Bd6 73.Kd5 Bf4 74.Kc6 Rd8 75.Bd7 Ra8 76.Rd4 Bg3
77.Re4+ Kf6 78.Bg4 Ra7 79.Re6+ Kf7 80.Re3 Bf4 81.Re4 Bg3 82.Be2 Kf6 83.h4 Re7
84.Rg4 Bxh4 85.Rxh4 Re6+ 86.Kc7 Re7+ 87.Kb6 Re6+ 88.Kb5 Re5+ 89.Kb4 Rxe2
90.Rd4 Ke5 91.Rd8 Rb2+ 92.Kc5 Rc2+ 93.Kb5 Rb2+ 94.Ka6 Ke6 95.a5 Ke7 96.Rd3 Rb1
97.Ka7 Rb2 98.a6 Rb1 99.Ka8 Rb2 100.Ka7 Rb1 101.Rh3 Kd7 102.Rh7+ Kc6 103.Rb7 Ra1
104.Rb2 Kc7 105.Rc2+ Kd7 106.Rd2+ Kc7 107.Rc2+ Kd7 108.Kb7 Rb1+ 109.Ka8 Ra1
110.a7 Rb1 111.Rc3 Rb2  1/2-1/2

[Event "Oslo Int Open 2013"]
[Site "Oslo NOR"]
[Date "2013.09.29"]
[Round "4"]
[White "Schmitz,Th"]
[Black "Gronnestad,A"]
[Result "1-0"]
[WhiteElo "2322"]
[BlackElo "1995"]

1.e4 e6 2.d4 d5 3.Nc3 Nf6 4.e5 Nfd7 5.f4 c5 6.Nf3 Nc6 7.Be3 a6 8.Qd2 cxd4
9.Nxd4 Qa5 10.Nb3 Qc7 11.Bd3 Be7 12.O-O b6 13.Qf2 O-O 14.Ne2 Nb4 15.Rfc1 Qd8
16.Ned4 Nc5 17.Bf1 Ne4 18.Qe1 Bb7 19.c3 Nc6 20.Bd3 Nc5 21.Bc2 Rc8 22.Nxc6 Bxc6
23.Nd4 Bd7 24.Qe2 b5 25.Rf1 g6 26.Rae1 Nb7 27.a3 Na5 28.g4 Nc4 29.Bc1 Bc5
30.Kh1 Qh4 31.Rg1 Bxd4 32.cxd4 f6 33.exf6 Qxf6 34.Rd1 Nd6 35.Be3 Nc4 36.Bc1 Nd6
37.Bb1 Rc4 38.Be3 Rc7 39.Qg2 Nc4 40.Bc1 Qh4 41.Qg3 Qxg3 42.hxg3 a5 43.b3 Nd6
44.Bd2 Ra8 45.Rc1 Rb7 46.Rge1 Kf7 47.Kg2 Ra6 48.Re3 a4 49.Bb4 Ne4 50.Kf3 Bc6
51.g5 axb3 52.Rxb3 Kg8 53.Bd3 Rf7 54.Kg2 Bd7 55.Rb2 Nd6 56.Bxd6 Rxd6 57.Bxb5 Bxb5
58.Rxb5 Ra6 59.Rc3 Ra4 60.Rb4 Rfa7 61.Rc6 Rxa3 62.Rxe6 Ra2+ 63.Kh3 Rd2 64.Rd6 Ra3
65.Rd7 Ra8 66.Rxd5 Rd3 67.Rd7 Rc8 68.Rbb7 Rd1 69.Kg4 Rh1 70.d5 Re8 71.d6 Rd1
72.Rg7+ Kh8 73.Rxh7+ Kg8 74.Rbg7+ Kf8 75.Rxg6  1-0

[Event "23rd EYCC Girls U18 2013"]
[Site "Budva MNE"]
[Date "2013.09.30"]
[Round "2.6"]
[White "Visanescu,D"]
[Black "Baraeva,M"]
[Result "0-1"]
[WhiteElo "2064"]
[BlackElo "2148"]

1.e4 e6 2.d4 d5 3.Nc3 Nf6 4.e5 Nfd7 5.f4 c5 6.Nf3 Nc6 7.Be3 a6 8.Qd2 b5 9.dxc5 Bxc5
10.Bxc5 Nxc5 11.Qf2 Qb6 12.Bd3 b4 13.Ne2 a5 14.O-O Ba6 15.Rfd1 Na4 16.Qxb6 Nxb6
17.Ned4 Nxd4 18.Nxd4 Na4 19.Rab1 Ke7 20.Bxa6 Rxa6 21.c3 bxc3 22.bxc3 Rc8
23.Rb7+ Kf8 24.f5 Nc5 25.Rb5 Nd7 26.fxe6 fxe6 27.Rb7 Ke7 28.Rd3 Rb8 29.Rc7 Rb1+
30.Kf2 Kd8 31.Rc6 Rxc6 32.Nxc6+ Kc7 33.Nxa5 Rb2+ 34.Kg3 Nc5 35.Rf3 Rxa2 36.c4 Ne4+
37.Kh4 g5+ 38.Kh5 Rxa5 39.cxd5 Rxd5 40.Rf7+ Kc6 41.Ra7 Rxe5  0-1

[Event "23rd EYCC Open U16 2013"]
[Site "Budva MNE"]
[Date "2013.10.03"]
[Round "5.23"]
[White "Rydstrom,Tom"]
[Black "Brazdzionis,A"]
[Result "1/2-1/2"]
[WhiteElo "2184"]
[BlackElo "2043"]

1.e4 e6 2.d4 d5 3.Nc3 Nf6 4.e5 Nfd7 5.f4 c5 6.Nf3 Nc6 7.Be3 Be7 8.Qd2 O-O
9.Be2 a6 10.O-O b5 11.Nd1 b4 12.Nf2 Qb6 13.c3 a5 14.g4 Ba6 15.f5 Bxe2 16.Qxe2 Qa6
17.Qxa6 Rxa6 18.Nd3 bxc3 19.bxc3 cxd4 20.cxd4 Nb6 21.Nf4 Nc4 22.Bf2 Nb4 23.Rfc1 Rb6
24.g5 Rfb8 25.h4 Na6 26.h5 Nc7 27.f6 Ba3 28.Re1 g6 29.hxg6 fxg6 30.Kg2 Rb2
31.Kg3 R8b6 32.Rh1 Nb5 33.Nd3 Rc2 34.Rab1 Nc3 35.Rxb6 Nxb6 36.Kf4 Ne4 37.Rb1 Nd7
38.Be1 a4 39.Bb4 Rxa2 40.Bxa3 Rxa3 41.Rb7 Nf8 42.Rg7+ Kh8 43.Rf7 Kg8 44.Rg7+ Kh8
45.Rf7  1/2-1/2

[Event "39th National ch-BAN"]
[Site "Dhaka BAN"]
[Date "2013.10.04"]
[Round "12.1"]
[White "Abu Sufian,S"]
[Black "Rahman,Zia"]
[Result "0-1"]
[WhiteElo "2354"]
[BlackElo "2477"]

1.e4 e6 2.d4 d5 3.Nc3 Nf6 4.e5 Nfd7 5.f4 c5 6.Nf3 Nc6 7.Be3 Qb6 8.Na4 Qa5+
9.c3 c4 10.b4 Qc7 11.Be2 Be7 12.O-O Nf8 13.Ng5 h6 14.Nh3 Bd8 15.g4 h5 16.gxh5 Ne7
17.Bg4 Nf5 18.Bxf5 exf5 19.Qf3 b6 20.Nb2 Be6 21.Kh1 a5 22.a3 b5 23.Rg1 g6
24.hxg6 Nxg6 25.Bf2 Ra6 26.Nd1 axb4 27.cxb4 Qa7 28.Ng5 Bxg5 29.Rxg5 Ra4 30.Qg3 Ne7
31.Nc3 Rxb4 32.axb4 Qxa1+ 33.Kg2 Kd7 34.Nxb5 Ng6 35.Rxg6 fxg6 36.Qg5 Qa8
37.Nd6 c3 38.Bh4 Qd8 39.Nb7 Qxg5+ 40.Bxg5  0-1

[Event "ch-Novoyavorivsk Chess Club 2013"]
[Site "Novoyavorivsk UKR"]
[Date "2013.10.08"]
[Round "9.4"]
[White "Terletsky,O"]
[Black "Omelja,A"]
[Result "1/2-1/2"]
[WhiteElo "2274"]
[BlackElo "2253"]

1.e4 e6 2.d4 d5 3.Nc3 Nf6 4.e5 Nfd7 5.f4 c5 6.Nf3 Nc6 7.Be3 f5 8.exf6 Qxf6
9.dxc5 Bxc5 10.Bxc5 Nxc5 11.Qd2 O-O 12.g3 d4 13.Nb5 Rd8 14.Bd3 e5 15.Nxe5 Nxe5
16.fxe5 Qxe5+ 17.Kd1 Bg4+ 18.Kc1 Rac8 19.Na3 a6 20.Nc4 Qf6 21.Rf1 Nxd3+ 22.Qxd3 Qg6
23.Qxg6 hxg6 24.b3 b5 25.Ne5 Bf5 26.Rf2 d3 27.Kb2 dxc2 28.Rc1 Rd1 29.g4 Be4
30.Re2 Rd4  1/2-1/2

[Event "ch-CYP 2013"]
[Site "Nikosia/Larnaca/Limassol CYP"]
[Date "2013.10.12"]
[Round "7"]
[White "Klerides,P"]
[Black "Boulos,Vrahimis"]
[Result "1-0"]
[WhiteElo "2171"]
[BlackElo "2084"]

1.e4 e6 2.d4 d5 3.Nc3 Nf6 4.e5 Nfd7 5.f4 c5 6.Nf3 a6 7.Ne2 Nc6 8.c3 b5 9.g4 cxd4
10.cxd4 Bb4+ 11.Kf2 f6 12.h4 fxe5 13.fxe5 Qb6 14.Kg2 Bb7 15.Nf4 Nf8 16.Be2 Be7
17.Be3 Kd7 18.Qd3 Rc8 19.Rac1 Nb4 20.Qb1 Nc6 21.Kg3  1-0

[Event "TCh-ISL Div1 2013-14"]
[Site "Reykjavik ISL"]
[Date "2013.10.12"]
[Round "3.3"]
[White "Thorhallsson,T"]
[Black "Maack,K"]
[Result "1/2-1/2"]
[WhiteElo "2449"]
[BlackElo "2140"]

1.e4 e6 2.d4 d5 3.Nc3 Nf6 4.e5 Nfd7 5.f4 c5 6.Nf3 Nc6 7.Be3 a6 8.Qd2 Be7
9.Be2 b5 10.O-O O-O 11.Kh1 b4 12.Nd1 Bb7 13.Nf2 a5 14.Rad1 Qc7 15.dxc5 Nxc5
16.Nd4 Nxd4 17.Bxd4 Ba6 18.Rfe1 Bxe2 19.Rxe2 Ra6 20.Qe3 Nd7 21.Qd3 Rc6 22.f5 Rc8
23.c3 bxc3 24.bxc3 Nc5 25.Qf3 exf5 26.Qxf5 Ne6 27.Ng4 Nxd4 28.cxd4 Rc1 29.Ree1 Rxd1
30.Rxd1 Qc2 31.Qxc2 Rxc2 32.Ne3 Rxa2 33.Nxd5 Bg5 34.g3 g6 35.h4 Rd2 36.Rb1 Rxd4
37.Rb8+ Kg7 38.Nc7 Bd2 39.Ne8+ Kh6 40.Nd6 Bb4 41.Nxf7+ Kh5 42.Kg2 Kg4 43.Nh6+ Kh5
44.Ng8 Kg4 45.Nh6+ Kh5 46.Ng8 Kg4 47.Nh6+ Kh5  1/2-1/2

[Event "TCh-SUI 2013"]
[Site "Switzerland SUI"]
[Date "2013.10.13"]
[Round "9.8"]
[White "Duport,N SUI"]
[Black "Kambor,Joachim"]
[Result "1-0"]
[WhiteElo "2229"]
[BlackElo "2126"]

1.e4 e6 2.d4 d5 3.Nc3 Nf6 4.e5 Nfd7 5.f4 c5 6.Nf3 Nc6 7.Be3 Be7 8.Qd2 O-O
9.Be2 b6 10.Nd1 cxd4 11.Nxd4 Nxd4 12.Bxd4 f6 13.exf6 Bxf6 14.O-O Qc7 15.Nc3 a6
16.Rae1 Bxd4+ 17.Qxd4 Nf6 18.Bf3 Rb8 19.f5 exf5 20.Nxd5 Qc5 21.Nxf6+ Rxf6
22.Re8+ Kf7 23.Qxc5 bxc5 24.Rfe1 Rxb2 25.Bh5+  1-0

[Event "TCh-Belgrade Premier liga 2013"]
[Site "Belgrade SRB"]
[Date "2013.10.15"]
[Round "4.6"]
[White "Vasovic,D"]
[Black "Peovic,M"]
[Result "1-0"]
[WhiteElo "2204"]
[BlackElo "2269"]

1.e4 e6 2.d4 d5 3.Nc3 Nf6 4.e5 Nfd7 5.f4 c5 6.Nf3 Nc6 7.Be3 Qb6 8.Na4 Qa5+
9.c3 cxd4 10.b4 Qc7 11.Nxd4 Nxd4 12.Bxd4 Be7 13.Bd3 O-O 14.O-O f5 15.g4 g6
16.gxf5 gxf5 17.Kh1 Rf7 18.Rg1+ Kf8 19.Qh5 b6 20.Rg6 Nf6 21.exf6 Qxf4 22.Qh6+ Qxh6
23.fxe7+ Rxe7 24.Rxh6 e5 25.Re1 exd4 26.Rxe7 Kxe7 27.Rxh7+ Kd6 28.cxd4 Bd7
29.Rh6+ Kc7 30.Nc3 Rg8 31.Nxd5+ Kd8 32.Rd6  1-0

[Event "Indonesia Open 2013"]
[Site "Jakarta INA"]
[Date "2013.10.17"]
[Round "11.3"]
[White "Ganguly,S"]
[Black "Batchuluun,T"]
[Result "1/2-1/2"]
[WhiteElo "2639"]
[BlackElo "2529"]

1.e4 e6 2.d4 d5 3.Nc3 Nf6 4.e5 Nfd7 5.f4 c5 6.Nf3 Nc6 7.Be3 cxd4 8.Nxd4 Qb6
9.Qd2 Qxb2 10.Rb1 Qa3 11.Bb5 Nxd4 12.Bxd4 a6 13.Bxd7+ Bxd7 14.Rb3 Qe7 15.Rxb7 Qh4+
16.Bf2 Qd8 17.Bb6 Qc8 18.Rc7 Qd8 19.Qd4 Rc8 20.Rc6 Qh4+ 21.g3 Qe7 22.Rxc8+ Bxc8
23.Kd2 h5 24.Rb1 h4 25.Ba5 Qd7 26.Rb8 Be7 27.Qa4 O-O 28.Qxd7 Bxd7 29.Rb7 hxg3
30.hxg3 Bd8 31.Bxd8 Rxd8 32.Ne2 Bc6 33.Rc7 Bb5 34.Nd4 Rb8 35.g4 g6 36.a3 Bc4
37.Nf3 Bb5 38.Ng5 Be8 39.Ra7 Rc8 40.c3 Rc4 41.Ra8 Kf8 42.Nh7+ Ke7 43.Ra7+ Kd8
44.Nf6 Bb5 45.Rxf7 d4 46.cxd4 Rxd4+ 47.Kc3 Rc4+ 48.Kb3 Rxf4 49.Rg7 a5 50.Rxg6 Rf3+
51.Kb2 Re3 52.Rg8+ Ke7 53.Rg7+ Kd8 54.Rg8+ Ke7 55.Rg7+ Kd8 56.g5 Rxe5 57.Kc3 Re3+
58.Kd4 Rxa3 59.Kc5 Ba4 60.g6 Rg3 61.Kd6 Rd3+ 62.Ke5 Rg3 63.Kd6 Rd3+ 64.Ke5 Rg3
65.Ne4 Rg1 66.Rg8+ Ke7 67.Rg7+ Kd8 68.Nc5 Rg5+ 69.Kd4 Rg4+ 70.Ke3 Ke8 71.Ne4 Kd8
72.Nc5 Ke8 73.Ra7 Bc6 74.g7 Bd5 75.Nd3 e5 76.Rxa5 Bf7 77.Ra8+ Ke7 78.Ra7+ Kf6
79.Rxf7+ Kxf7 80.Nxe5+ Kxg7 81.Nxg4  1/2-1/2

[Event "3rd Panama Open"]
[Site "Panama City PAN"]
[Date "2013.10.30"]
[Round "1.38"]
[White "Fiora,E"]
[Black "Sanjur,Crescencio"]
[Result "1-0"]
[WhiteElo "2030"]
[BlackElo "1715"]

1.e4 e6 2.d4 d5 3.Nc3 Nf6 4.e5 Nfd7 5.f4 c5 6.Nf3 Nc6 7.Be3 a6 8.Qd2 cxd4
9.Nxd4 Nxd4 10.Bxd4 Bc5 11.Bxc5 Nxc5 12.Qd4 Nd7 13.Bd3 Qb6 14.Ne2 Qxd4 15.Nxd4 Nc5
16.Kd2 Bd7 17.Rhc1 b5 18.b3 O-O 19.c4 bxc4 20.bxc4 Nxd3 21.Kxd3 dxc4+ 22.Rxc4 Rfd8
23.Rc7 Bb5+ 24.Ke3 g6 25.Rb1 Rdb8 26.g4 Be8 27.Rbb7 Rxb7 28.Rxb7 a5 29.f5 gxf5
30.gxf5 exf5 31.Nxf5 a4 32.Kf4 a3 33.Kg5 h5 34.Kf6 Kf8 35.Nd6 Bc6 36.Rxf7+ Kg8
37.Rg7+ Kh8 38.Nf7+  1-0

[Event "14th Liberec Open"]
[Site "Liberec CZE"]
[Date "2013.10.31"]
[Round "7.8"]
[White "Dadello,Al"]
[Black "Machan,J"]
[Result "1/2-1/2"]
[WhiteElo "1821"]
[BlackElo "2163"]

1.e4 e6 2.d4 d5 3.Nc3 Nf6 4.e5 Nfd7 5.f4 c5 6.Nf3 Nc6 7.Be3 a6 8.Qd2 b5 9.a3 Qb6
10.Ne2 Bb7 11.dxc5 Bxc5 12.Ned4 Rc8 13.Be2 O-O 14.O-O Qc7 15.c3 Na5 16.Bf2 Nc4
17.Qc2 Rfe8 18.Ng5 Nf8 19.Bd3 g6 20.Rae1 Be7 21.Bh4 Qd8 22.g3 h6 23.Ngxe6 Nxe6
24.Nxe6 fxe6 25.Bxc4 Bc5+ 26.Rf2 Bxf2+ 27.Kxf2 Qb6+ 28.Kf1 Kf7 29.Bd3 Rg8
30.g4 d4 31.Bf2 Qd8 32.Bxd4 Qh4 33.Be4 Bxe4 34.Qxe4 Rc7 35.Qg2 h5 36.h3 hxg4
37.hxg4 Rh8 38.Ke2 Qh2 39.Rg1 Kg8 40.Kf3 Rf7 41.Qxh2 Rxh2 42.b4 Rfh7 43.Rg2 R7h3+
44.Kf2 Rxg2+ 45.Kxg2 Rd3 46.Kf2 Rd2+ 47.Kf3 Ra2 48.f5 gxf5 49.gxf5 exf5 50.Kf4 Kf7
51.Kxf5 Re2 52.Bc5 Re1 53.Bb6 Rf1+ 54.Ke4 Ke6 55.Bc7 Ra1 56.Kd4 Rxa3 57.c4 bxc4
58.Kxc4 Kd7 59.Bd6 Kc6 60.Bc5 Ra2 61.Bd6 Re2 62.Kd3 Rg2 63.Ke4 Re2+ 64.Kd3 Re1
65.Kd4 Rh1 66.Ke4 Rh4+ 67.Kf5 Kd5 68.Kg5 Rh7 69.Kf5 Rf7+ 70.Kg6 Rf1 71.Kg5 Ke6
72.Kg4 Rf5 73.Bc7 Rf1 74.Bd6 Rf7 75.Kg5 Rf5+ 76.Kg4 Rf1 77.Kg5 Rf2 78.Kg4 Rf1
79.Kg3 Kd5 80.Kg4 Re1 81.Kf5 Re4 82.Kf6 Rh4 83.Kg5 Rh2 84.Kf5 Re2 85.Kf6 Rf2+
86.Kg5 Rf1 87.Kg4 Ke6 88.Kg5 Rf2 89.Kg4 Re2 90.Kf4 Re1 91.Kg4 Rxe5 92.Bxe5 Kxe5
93.Kf3 Kd4 94.Ke2 Kc3 95.Kd1 Kxb4 96.Kc2 Ka3 97.Kb1  1/2-1/2

[Event "80th ch-BRA S/F 1 2013"]
[Site "Rio de Janeiro BRA"]
[Date "2013.11.01"]
[Round "3.14"]
[White "Sztokbant,B"]
[Black "Santos Filho,T"]
[Result "1-0"]
[WhiteElo "2226"]
[BlackElo "2072"]

1.e4 e6 2.d4 d5 3.Nc3 Nf6 4.e5 Nfd7 5.f4 c5 6.Nf3 Nc6 7.Be3 a6 8.Qd2 b5 9.a3 Qa5
10.Ra2 Qb6 11.Ne2 a5 12.g3 g6 13.Bg2 b4 14.O-O Ba6 15.Re1 Bxe2 16.Qxe2 b3
17.Raa1 bxc2 18.Qxc2 c4 19.g4 Rb8 20.Rab1 Be7 21.Bf2 Qb3 22.Qc1 a4 23.f5 gxf5
24.gxf5 Rg8 25.Kh1 Nf8 26.Nd2 Qb6 27.f6 Bd8 28.Nxc4 dxc4 29.Qxc4 Rxg2 30.Kxg2 Qb7
31.Kg1 Qb5 32.Rec1 Na5 33.Qxb5+ Rxb5 34.Rc3 Nb3 35.Rd1 Kd7 36.Rc4 Ra5 37.Kg2 Ng6
38.Kf3 Rd5 39.Bg3 Ra5 40.Ke4 Nf8 41.d5 Nc5+ 42.Rxc5 Rxc5 43.dxe6+  1-0

[Event "3rd Panama Open"]
[Site "Panama City PAN"]
[Date "2013.11.02"]
[Round "4.18"]
[White "Ruiz Sanchez,O"]
[Black "Esquivel,L"]
[Result "1-0"]
[WhiteElo "2420"]
[BlackElo "2094"]

1.e4 e6 2.d4 d5 3.Nc3 Nf6 4.e5 Nfd7 5.f4 c5 6.Nf3 Nc6 7.Be3 cxd4 8.Nxd4 Bc5
9.Qd2 a6 10.O-O-O Nxd4 11.Bxd4 b5 12.h4 Qa5 13.Kb1 b4 14.Ne2 Qb6 15.Rh3 a5
16.f5 Ba6 17.Bxc5 Nxc5 18.Qd4 Qc7 19.Nf4 Bxf1 20.Rxf1 Rc8 21.Rc1 g6 22.g4 gxf5
23.gxf5 Rg8 24.Rhh1 Rg4 25.Rhg1 Rxg1 26.Rxg1 Nd7 27.Qf2 Qc5 28.Rg8+ Nf8 29.Qxc5 Rxc5
30.fxe6 Rc4 31.e7 Kxe7 32.Nxd5+ Ke6 33.Rxf8 Kxd5 34.Rxf7 Rxh4 35.b3 Kxe5
36.Ra7 h5 37.a4 Kd5 38.Rxa5+ Kc6 39.Rb5 Rh1+ 40.Kb2 Rh4 41.Rb8 Kc7 42.Rb5 Kc6
43.Ka2 Rh2 44.Rxb4 Rxc2+ 45.Ka3 Rh2 46.Rc4+ Kb7 47.Kb4 Rh3 48.Rf4 h4 49.Kc4 Rh1
50.Kb5 h3 51.Rf7+ Kc8 52.b4 Rg1 53.Rh7 Rg5+ 54.Ka6 Rg6+ 55.Ka5  1-0

[Event "TCh-CZE Extraliga 2013-14"]
[Site "Prague CZE"]
[Date "2013.11.03"]
[Round "2.8"]
[White "Havlikova,K"]
[Black "Obsivac,J"]
[Result "0-1"]
[WhiteElo "2237"]
[BlackElo "2306"]

1.e4 e6 2.d4 d5 3.Nc3 Nf6 4.e5 Nfd7 5.f4 c5 6.Nf3 Nc6 7.Be3 a6 8.Qd2 b5 9.a3 Qa5
10.Ra2 Qb6 11.dxc5 Bxc5 12.Bxc5 Nxc5 13.Qf2 Rb8 14.b4 Nd7 15.Ne2 Qxf2+ 16.Kxf2 f6
17.Ned4 Nxd4 18.Nxd4 Rb6 19.Nf3 g5 20.Bd3 gxf4 21.Re1 Kf7 22.a4 bxa4 23.Rxa4 Nxe5
24.Nxe5+ fxe5 25.Rxe5 Kf6 26.Rh5 h6 27.g3 fxg3+ 28.hxg3 e5 29.Ra5 Bb7 30.b5 axb5
31.Rxb5 Rxb5 32.Bxb5 d4 33.g4 e4 34.g5+ Kg6 35.Rxh6+ Rxh6 36.gxh6 Kxh6 37.Kg3 Kg5
38.Bd7 Bd5 39.Bb5 Bf7 40.Bc6 Bg6 41.Ba4 Bh5 42.Kf2 Kf4 43.Bb3 Be8 44.Ke2 Bb5+
45.Kf2 Ke5 46.Ke1 Kd6 47.Kd2 Kc5 48.Bf7 e3+ 49.Kd1 Kb4 50.Bg6 Kc3 51.Be4 Ba4
52.Bf5 Bxc2+  0-1

[Event "3rd Panama Open"]
[Site "Panama City PAN"]
[Date "2013.11.05"]
[Round "9.15"]
[White "Prasca Sosa,R"]
[Black "Brizuela,Ronald"]
[Result "1/2-1/2"]
[WhiteElo "2420"]
[BlackElo "2212"]

1.e4 e6 2.d4 d5 3.Nc3 Nf6 4.e5 Nfd7 5.f4 c5 6.Nf3 Nc6 7.Be3 Be7 8.Qd2 O-O
9.g3 b6 10.Bh3 Kh8 11.O-O cxd4 12.Nxd4 Nxd4 13.Bxd4 Bc5 14.Ne2 Ba6 15.c3 Qe7
16.Rfe1 Rac8 17.Be3 Bxe3+ 18.Qxe3 Bxe2 19.Qxe2 g6 20.Rad1 Rc4 21.Bf1 Rfc8
22.Qd2 Ra4 23.b3 Ra5 24.c4 Nf8 25.b4 Ra4 26.cxd5 exd5 27.Qxd5 Rxb4 28.Qd6 Rc7
29.Qf6+ Kg8 30.Rd6 Rb2 31.a4 Rbc2 32.Red1 h5 33.Qxe7 Rxe7 34.Bh3 Kg7  1/2-1/2

[Event "TCh-CZE Vychod 2013-14"]
[Site "Czech Rep CZE"]
[Date "2013.11.10"]
[Round "2.6"]
[White "Koutny,Pe"]
[Black "Machan,J"]
[Result "0-1"]
[WhiteElo "2172"]
[BlackElo "2163"]

1.e4 e6 2.d4 d5 3.Nc3 Nf6 4.e5 Nfd7 5.f4 c5 6.Nf3 Nc6 7.Be3 Be7 8.Qd2 Qa5
9.Nb5 Qxd2+ 10.Kxd2 O-O 11.dxc5 Nxc5 12.Bd3 Bd7 13.Nbd4 Rac8 14.g4 Nxd3 15.cxd3 Nxd4
16.Bxd4 b6 17.Rac1 Rxc1 18.Rxc1 Rc8 19.Rxc8+ Bxc8 20.Kc3 Bd7 21.Kb3 Bb5 22.Kc2 Ba4+
23.b3 Bd7 24.a4 Kf8 25.Kc3 Ke8 26.a5 bxa5 27.Bxa7 Bb4+ 28.Kd4 a4 29.bxa4 Bxa4
30.f5 Bd1 31.Ke3 Bc3 32.Bb8 Bb2 33.h3 Bc1+ 34.Kf2 Kd7 35.Nd4 h5 36.Ne2 Bxe2
37.Kxe2 hxg4 38.hxg4 Kc6 39.Kf3 Kc5 40.Ba7+ Kb4 41.Bd4 Kb3 42.Ke2 Bb2 43.f6 g6
44.Bxb2 Kxb2 45.Ke3 Kc3 46.Kf4 Kd4 47.Kg5 Kxe5 48.d4+ Kd6 49.Kf4 e5+ 50.dxe5+ Ke6
51.g5 d4 52.Ke4 d3 53.Kxd3 Kxe5 54.Kc4 Kf5 55.Kd5 Kxg5 56.Ke5 Kh5 57.Kd6 g5
58.Ke7 Kg6  0-1

[Event "Leuven Open 2013"]
[Site "Leuven BEL"]
[Date "2013.11.11"]
[Round "6.6"]
[White "Tonoli,B"]
[Black "Geboers,J"]
[Result "1-0"]
[WhiteElo "2191"]
[BlackElo "1889"]

1.e4 e6 2.d4 d5 3.Nc3 Nf6 4.e5 Nfd7 5.f4 c5 6.Nf3 Nc6 7.Be3 Qb6 8.Na4 Qa5+
9.c3 c4 10.b4 Qc7 11.Be2 b5 12.Nc5 Nxc5 13.dxc5 a5 14.a3 Be7 15.O-O O-O 16.Nd4 Nxd4
17.Bxd4 f6 18.exf6 Bxf6 19.Bg4 axb4 20.cxb4 Bd7 21.Qd2 Kh8 22.Bxf6 Rxf6 23.g3 Rd8
24.Rfe1 Bc8 25.Qd4 Qc6 26.Re5 Bd7 27.Rae1 Ra8 28.R1e3 Re8 29.Bf3 Qc8 30.Bg2 Bc6
31.Bh3 Bd7 32.Rf3 Bc6 33.g4 Rf7 34.g5 Ra7 35.Rfe3 Qa8 36.Rxe6 Rxe6 37.Rxe6 Bd7
38.Re7 Qf8 39.Rxd7 Rxd7 40.Bxd7 Qe7 41.Qe5  1-0

[Event "Chinese Teams 2013"]
[Site "Shijiazhuang CHN"]
[Date "2013.11.14"]
[Round "18.2"]
[White "Wan Yunguo"]
[Black "Lou Yiping"]
[Result "1-0"]
[WhiteElo "2516"]
[BlackElo "2491"]

1.e4 e6 2.d4 d5 3.Nc3 Nf6 4.e5 Nfd7 5.f4 c5 6.Nf3 Be7 7.Be3 b6 8.Qd2 O-O
9.Be2 Nc6 10.O-O Bb7 11.Rad1 f5 12.exf6 Nxf6 13.Bb5 Ng4 14.Bxc6 Bxc6 15.h3 Nxe3
16.Qxe3 Bd7 17.Kh1 Kh8 18.Ne5 Be8 19.dxc5 Bxc5 20.Qd2 Qf6 21.Ne2 Bb5 22.c4 dxc4
23.Nc3 Bb4 24.Qd4 Bxc3 25.Qxc3 Qe7 26.Rd4 Rf5 27.a4 Bxa4 28.Rxc4 Bb5 29.Rc7 Qf8
30.Rf3 Re8 31.Rxa7 Re7 32.Qa3 Rxa7 33.Qxa7 Be2 34.Rf2 Qc5 35.Rxe2 Qc1+ 36.Kh2 Qxf4+
37.g3 Qf1 38.Qa8+ Rf8 39.Qg2 Qd1 40.h4 Kg8 41.Qe4 Rf1 42.Rc2 g6 43.Ng4 Qd7
44.Qa8+ Kg7 45.Qb8 Rh1+ 46.Kxh1 Qd1+ 47.Kg2 Qxc2+ 48.Kh3 h5 49.Qe5+ Kh7 50.Nf6+  1-0

[Event "Chennai GM Open 2013"]
[Site "Chennai IND"]
[Date "2013.11.20"]
[Round "8.7"]
[White "Ter Sahakyan,S"]
[Black "Ravi,TeS"]
[Result "1-0"]
[WhiteElo "2568"]
[BlackElo "2302"]

1.e4 e6 2.d4 d5 3.Nc3 Nf6 4.e5 Nfd7 5.Nce2 c5 6.c3 Nc6 7.f4 f6 8.Nf3 cxd4
9.cxd4 Bb4+ 10.Bd2 Bxd2+ 11.Qxd2 O-O 12.h4 Nb6 13.b3 Qe7 14.h5 Bd7 15.h6 g6
16.Rh3 Qb4 17.Nh2 a5 18.Ng4 fxe5 19.dxe5 Bc8 20.Rc1 Nd7 21.Rf3 Ra6 22.g3 Ra8
23.Re3 d4 24.Qxb4 Nxb4 25.Nxd4 Nd5 26.Rf3 N7b6 27.Bb5 Kf7 28.Rf2 Bd7 29.Bxd7 Nxd7
30.Nf3 Rfe8 31.Rfc2 Ke7 32.Ng5 Nf8 33.Ke2 Red8 34.Ne3 Nb4 35.Rc7+ Rd7 36.Rxd7+ Kxd7
37.a3 Nc6 38.Ng4 Rc8 39.Ke3 Ke7 40.Nf6 Rd8 41.Ngxh7  1-0

[Event "UT Dallas GM Inv 2013"]
[Site "Dallas USA"]
[Date "2013.11.22"]
[Round "2.1"]
[White "Kritz,L"]
[Black "Sadorra,J"]
[Result "1-0"]
[WhiteElo "2600"]
[BlackElo "2577"]

1.e4 e6 2.Nc3 d5 3.d4 Nf6 4.e5 Nfd7 5.Nce2 c5 6.c3 Nc6 7.Nf3 cxd4 8.cxd4 f6
9.Nf4 Ndxe5 10.dxe5 fxe5 11.Nh3 Bc5 12.Nd2 O-O 13.Be2 e4 14.O-O e5 15.Bg4 Nb4
16.Nb3 Bb6 17.Qe2 Bxg4 18.Qxg4 Qf6 19.Bg5 Qg6 20.Qd7 Rf7 21.Qb5 Qd6 22.Be3 Nd3
23.Bxb6 axb6 24.f3 Raf8 25.fxe4 dxe4 26.Rxf7 Rxf7 27.Ng5 Qh6 28.h4 Qxh4 29.Qe8+ Rf8
30.Qe6+ Kh8 31.Nf7+ Kg8 32.Nh6+ Kh8 33.Qg8+ Rxg8 34.Nf7+  1-0

[Event "Caissa IM Nov 2013"]
[Site "Kecskemet HUN"]
[Date "2013.11.25"]
[Round "10.1"]
[White "Farkas,Ti"]
[Black "Meszaros,An"]
[Result "1/2-1/2"]
[WhiteElo "2237"]
[BlackElo "2286"]

1.e4 e6 2.d4 d5 3.Nc3 Nf6 4.e5 Nfd7 5.f4 c5 6.Nf3 Nc6 7.Be3 cxd4 8.Nxd4 Bc5
9.Qd2 Nxd4 10.Bxd4 Bxd4 11.Qxd4 Qb6 12.Qxb6 Nxb6 13.Nb5 Ke7 14.b3 a6 15.Nd4 Bd7
16.c3 Rac8 17.Kd2 h5 18.Bd3 g6  1/2-1/2

[Event "10th Vasylyshyn Memorial GM"]
[Site "Lviv UKR"]
[Date "2013.11.26"]
[Round "8"]
[White "Sivuk,V"]
[Black "Ali Marandi,C"]
[Result "1-0"]
[WhiteElo "2517"]
[BlackElo "2371"]

1.e4 e6 2.d4 d5 3.Nc3 Nf6 4.e5 Nfd7 5.f4 c5 6.Nf3 Nc6 7.Be3 Be7 8.Qd2 O-O
9.Be2 a6 10.O-O b5 11.Nd1 Bb7 12.Nf2 Rc8 13.Kh1 Qc7 14.c3 b4 15.Bd3 bxc3
16.bxc3 cxd4 17.cxd4 Nb4 18.Rfc1 Qb8 19.Rcb1 Nxd3 20.Qxd3 Rc6 21.Ng5 Bxg5
22.fxg5 Rfc8 23.Ng4 Qc7 24.h4 a5 25.Qa3 Ba6 26.Rc1 Rc3 27.Qe7 Nb6 28.Qd6 Rc6
29.Rab1 Nc4 30.Qxc7 R8xc7 31.h5 Rb7 32.Rxb7 Bxb7 33.h6 Rb6 34.g6 hxg6 35.Bg5 Rb2
36.Rf1 Bc6 37.hxg7 Kxg7 38.Bh6+ Kg8 39.Nf6+ Kh8 40.Rf3 Nd2 41.Rc3 Rb1+ 42.Kh2 Nf1+
43.Kh3 Rb6 44.Rc1 Ne3 45.Bxe3 Kg7 46.Ng4 Bb5 47.Rc8  1-0

[Event "2nd Hyderabad GM Open 2013"]
[Site "Hyderabad IND"]
[Date "2013.11.29"]
[Round "6.8"]
[White "Konguvel,P"]
[Black "Arun Prasad,S"]
[Result "1/2-1/2"]
[WhiteElo "2358"]
[BlackElo "2529"]

1.e4 e6 2.d4 d5 3.Nc3 Nf6 4.e5 Nfd7 5.f4 c5 6.Nf3 Nc6 7.Be3 Be7 8.Qd2 O-O
9.dxc5 Nxc5 10.O-O-O Qc7 11.Kb1 a6 12.Qf2 b6 13.Nd4 Bd7 14.Bd3 Rfc8 15.Rhe1 Nxd3
16.Rxd3 b5 17.a3 b4 18.Nxc6 Qxc6 19.axb4 Bxb4 20.Bd4 Rab8 21.Rh3 Bc5 22.Bxc5 Qxc5
23.Qxc5 Rxc5 24.Rd3 Rc4 25.g3 Rcb4 26.b3 a5 27.Na2 R4b7 28.Rc3 a4 29.b4 Bb5
30.Rc5 h6 31.c3 Ra7 32.Kc2 a3 33.Ra1 Bc4 34.Nc1 a2  1/2-1/2

[Event "6th Kolkata Open"]
[Site "Kolkata IND"]
[Date "2013.12.07"]
[Round "2.3"]
[White "Ter Sahakyan,S"]
[Black "Sharma,Di"]
[Result "1-0"]
[WhiteElo "2562"]
[BlackElo "2386"]

1.e4 e6 2.d4 d5 3.Nc3 Nf6 4.e5 Nfd7 5.f4 c5 6.Nf3 Nc6 7.Be3 cxd4 8.Nxd4 Bc5
9.Qd2 O-O 10.O-O-O a6 11.Qf2 Qe7 12.Bd3 Nxd4 13.Bxd4 b5 14.Kb1 b4 15.Ne2 a5
16.Bb5 Bxd4 17.Nxd4 Nb8 18.Rhe1 Bd7 19.f5 exf5 20.Bxd7 Qxd7 21.e6 fxe6 22.Nxe6 Rf6
23.Nf4 Rd6 24.Nxd5 Rxd5 25.Qf3 Rxd1+ 26.Rxd1 Qc6 27.Rd8+ Kf7 28.Qxc6 Nxc6
29.Rxa8  1-0